000 00276nam a22001217a 4500
020 _a0-340-36570-6
082 _a629.8 ADA'E
100 _aADAMS, L. F
_974253
245 _aENGINEERING INSTRUMENTATION AND CONTROL IV
260 _aELBS
_c1981
300 _a256P
942 _cBK
999 _c579809
_d579809